MARC

LEADER 00000nam0a2200000 4500
001 268410
005 20231101234150.0
020 |a RU  |b 86-96122 
035 |a (RuTPU)RU\TPU\book\291561 
090 |a 268410 
100 |a 20140903d1986 m y0rusy5003 ca 
101 0 |a rus 
102 |a RU 
105 |a y j 001zy 
200 1 |a Основы геохимии редких литофильных металлов  |e учебное пособие  |f В. В. Гавриленко, В. В. Сахоненок  |g Ленинградский государственный университет (ЛГУ) ; под ред. В. Ф. Барабанова 
210 |a Ленинград  |c Изд-во ЛГУ  |d 1986 
215 |a 171 с.  |c ил. 
320 |a Библиогр.: с. 166-172 (119 назв.) 
606 1 |a Редкие элементы  |x Геохимия  |2 stltpush  |3 (RuTPU)RU\TPU\subj\24247  |9 48650 
610 1 |a литофильные элементы 
610 1 |a миграция 
610 1 |a магматические процессы 
610 1 |a гидросфера 
610 1 |a биосфера 
610 1 |a месторождения 
675 |a 550.42:546.3  |z rus  |v 3 
700 1 |a Гавриленко  |b В. В.  |g Владимир Васильевич  |4 070 
701 1 |a Сахоненок  |b В. В.  |g Валентина Васильевна  |4 070 
702 1 |a Барабанов  |b В. Ф.  |4 340 
712 0 2 |a Ленинградский государственный университет (ЛГУ)  |c (1924-1991)  |2 stltpush  |3 (RuTPU)RU\TPU\col\77 
801 0 |a RU  |b RuMRKP  |c 19950417  |g psbo 
801 1 |a RU  |b 63413507  |c 20140903 
801 2 |a RU  |b 63413507  |c 20170220  |g RCR 
942 |c BK